England County Quiz - Leicestershire - Statistics

General Stats
  • This quiz has been taken 494 times
  • The average score is 10 of 16
Answer Stats
Hint Answer % Correct
County town Leicester
96%
This phrase comes from a legendary night of drunkenness in Melton Mowbray in 1837 Painting the town {red}
93%
King whose long lost remains were rediscovered in 2012 under a Leicestershire car park Richard III
92%
Red Leicester is a crumbly variety of this foodstuff Cheese
91%
Leicestershire museum housing a collection of rockets and satellites National {Space} Centre
85%
Nickname of Leicester City football club The Foxes
76%
War of the Roses battle at which the above monarch met his untimely end {Bosworth} Field
67%
Star striker of Leicester City who won the 'Golden Boot' in the 1986 FIFA World Cup Gary Lineker
65%
Leicestershire town associated with Stilton cheese and pork pies Melton Mowbray
65%
Sir Alec John Jeffreys developed this major contribution to forensic science while a professor at the University of Leicester, {DNA} profiling
62%
13th century Earl of Leicester who has given his name to one of Leicester's universities Simon de Montfort
57%
Popular zoo near Norton in the west of the county Twycross
40%
Motorsport circuit which has hosted the British Superbike Championship {Donington} Park
38%
Leicestershire's principal river; a tributary of the River Trent Soar
36%
Born in the county, and best known as the bass guitarist for the rock band Queen John Deacon
35%
Leicester born comedian and one of the six members of the Monty Python team Graham Chapman
26%
No matching quizzes found
Score Distribution
Percent of People with Each Score
Percentile by Number Answered
Your Score History
You have not taken this quiz